| 000 | 01297nac a22003255i 4500 | ||
|---|---|---|---|
| 001 | 2579935 | ||
| 003 | EG-ScBUE | ||
| 005 | 20251209094455.0 | ||
| 008 | 960722r20001997enka f b 001 0 eng d | ||
| 020 | _a0198559453 (pbk.) | ||
| 020 | _a9780198559450 | ||
| 040 |
_aEG-ScBUE _beng _erda _cEG-ScBUE _dEG-Sc BUE |
||
| 082 | 0 | 4 |
_a548 _222 _bHAM |
| 100 | 1 |
_aHammond, C. _q(Christopher), _d1942- _95841 _eauthor. |
|
| 245 | 1 | 4 |
_aThe basics of crystallography and diffraction / _cChristopher Hammond, School of Materials, University of Leeds. |
| 264 | 1 |
_aOxford : _bOxford University Press, _c2000. |
|
| 300 |
_axi, 249 pages : _billustrations ; _c25 cm. |
||
| 336 |
_2rdacontent _atext _btxt |
||
| 337 |
_aunmediated _2rdamedia _bn |
||
| 338 |
_avolume _bnc _2rdacarrier |
||
| 490 | 0 |
_aInternational Union of Crystallography texts on crystallography ; _v3 |
|
| 504 | _aIncludes bibliographical references and index. | ||
| 650 | 7 |
_aCrystallography. _95843 _2BUEsh |
|
| 650 | 7 |
_aX-ray crystallography. _95844 _2BUEsh |
|
| 653 |
_cOctober2011 _cMarch2015 |
||
| 655 | _vReading book | ||
| 856 | 4 | 2 |
_3Publisher description _uhttp://www.loc.gov/catdir/enhancements/fy0605/96027451-d.html |
| 856 | 4 | 1 |
_3Table of contents only _uhttp://www.loc.gov/catdir/enhancements/fy0605/96027451-t.html |
| 942 |
_2ddc _cBB |
||
| 999 |
_c11750 _d11750 |
||